| 000 | 01361nam a22002537a 4500 | ||
|---|---|---|---|
| 999 |
_c17167 _d17167 |
||
| 005 | 20251125232853.0 | ||
| 008 | s2521 th thaeng | ||
| 040 | _aNALT | ||
| 041 | _athaeng | ||
| 245 | 1 | 0 | _aสนธิสัญญาเกี่ยวกับเขตแดนและระบอบการชายแดนระหว่างประเทศไทยกับประเทศเพื่อนบ้าน หมวดที่หนึ่ง ไทย - ลาว เล่ม 5 ระหว่าง พ.ศ.2492-2520 (ค.ศ.1949-1977) |
| 260 | 3 |
_aกรุงเทพฯ : _bกรมสนธิสัญญาและกฎหมาย กระทรวงการต่างประเทศ, _c2521 |
|
| 300 |
_a1 เล่ม ; _b 33 ซม. |
||
| 650 | 0 | 4 | _aลาว -- สนธิสัญญา -- ไทย |
| 650 | 0 | 4 | _aลาว -- เขตแดน |
| 650 | 0 | 4 | _aสนธิสัญญา |
| 650 | 0 | 4 | _aเขตแดน (สนธิสัญญา) |
| 650 | 0 | 4 | _aไทย -- สนธิสัญญา -- ลาว |
| 650 | 0 | 4 | _aไทย -- เขตแดน |
| 850 | _aNALT | ||
| 856 | 4 | 0 | _uhttps://hdl.handle.net/20.500.14156/302279 |
| 942 |
_cLB _2lcc _01 |
||
| 998 |
_j25 _k นีลวัสน์ อินทรักษา |
||
| 090 | _aKF52.8.L3 ก452ส 2521 | ||